000 00777nam0a22002531 4500
001 rc\270933
005 20260406011432.0
010 _a5-203-01241-5
_950000
035 _a(NLR Aleph) 005481343
090 _a5125036
_c5125036
100 _a20030307d1990 |||y0rusy50 ca
101 0 _arus
102 _aRU
105 _ay |||||||||
200 1 _aВоенная реформа
210 _aМ.
_cВоениздат
_d1990
215 _a78, [1] с.
_d21
225 1 _aОборонное строительство: новые подходы
700 1 _7ca
_8rus
_aЯзов
_bД. Т.
_f1924-2020
_gДмитрий Тимофеевич
_999859
_3RU\NLR\AUTH\77116934
801 0 _aRU
_bNLR
_gpsbo
801 1 _aRU
_bELAR
_2rusmarc
852 _aNLR
_j91-4/116
942 _cBOOK
980 _aNB